Score 0/24 Timer 04:00
0 Plays Today
Title Missing Word % Correct
P.S. I ____ YouLove
97.1%
An American in ____Paris
96.4%
The Hunchback of ____ DameNotre
94.3%
____ Mia!Mamma
93.8%
The ____ SupremacyBourne
92.6%
____ Rouge!Moulin
92.3%
To Rome ____ LoveWith
91.5%
____ ListSchindler's
88.2%
Roman ____Holiday
84.7%
La Dolce ____Vita
81.5%
Last ____ in ParisTango
81.2%
____ is BeautifulLife
80.3%
Title Missing Word % Correct
Pan's ____Labyrinth
74.9%
Marie ____Antoinette
74.6%
Elizabeth: The ____ AgeGolden
73.1%
Under the ____ SunTuscan
71.7%
____ MarriedJust
68.6%
____ Cristina BarcelonaVicky
68.3%
____ BrugesIn
64.8%
The ____ ThiefBook
59.9%
____ to JulietLetters
50.5%
____ ParadisoCinema
49.5%
____ in ParisMidnight
46.2%
____ SunriseBefore
43.8%

Today's Daily Dose

Remove Ads.
Support Sporcle.
Get the best of Sporcle when you Go Orange. This ad-free experience offers more features, more stats, and more fun while also helping to support Sporcle. Thank you for becoming a member.

You're not logged in!

Compare scores with friends on all Sporcle quizzes.
OR
Log In

Show Comments

Extras

Top Quizzes Today


Score Distribution

Your Account Isn't Verified!

In order to create a playlist on Sporcle, you need to verify the email address you used during registration. Go to your Sporcle Settings to finish the process.

Report this User

Report this user for behavior that violates our Community Guidelines.

Details: